[Event "Andalucia-chB"]
[Site "Linares"]
[Date "2025.05.24"]
[Round "4"]
[White "Marin Garcia, Diego Luis"]
[Black "Salazar Romero, Abel"]
[Result "1/2-1/2"]
[WhiteElo "1884"]
[BlackElo "1937"]
[PlyCount "173"]
[EventDate "2025.05.23"]
[EventType "swiss"]
[EventRounds "7"]
[EventCountry "ESP"]
[SourceTitle "CB22_2025"]
[SourceDate "2025.05.28"]
[SourceVersion "1"]
[SourceVersionDate "2025.05.28"]
[SourceQuality "1"]

1. Nf3 Nf6 2. e3 e6 3. b3 b6 4. Bb2 Bb7 5. c4 d5 6. cxd5 exd5 7. Be2 Be7 8. 0-0 0-0 9. d3 c5 10. d4 Nc6 11. Nc3 Rc8 12. Rc1 Ne4 13. dxc5 Nxc3 14. Bxc3 bxc5 15. Qd2 Qd6 16. Rfd1 Rfd8 17. Qb2 Qh6 18. h3 Rd6 19. Ne5 Nxe5 20. Bxe5 Bf6 21. Bg4 Rc7 22. Bxf6 Qxf6 23. Qxf6 gxf6 24. Bf3 Kf8 25. Rd2 Ke7 26. Rdc2 c4 27. bxc4 dxc4 28. Bxb7 Rxb7 29. Rxc4 Rb2 30. R1c2 Rd1+ 31. Kh2 Rxc2 32. Rxc2 Kd6 33. Kg3 a5 34. Kf4 Ra1 35. h4 a4 36. g3 a3 37. h5 Rh1 38. Rc3 Rxh5 39. Rxa3 Ke6 40. Ra6+ Ke7 41. a4 Rc5 42. f3 Rc4+ 43. e4 Rc5 44. Ra8 h5 45. a5 Ke6 46. a6 Ra5 47. a7 Ke7 48. Rh8 Rxa7 49. Rxh5 Ke6 50. Rb5 Ra6 51. g4 Rc6 52. g5 fxg5+ 53. Rxg5 Rc3 54. Rh5 Ra3 55. Rh6+ Ke7 56. Kg4 Rb3 57. f4 Rb1 58. Kf5 Rb5+ 59. e5 Rb1 60. Ra6 Rb7 61. Kg5 Rb5 62. Ra7+ Ke8 63. Kf6 Rb6+ 64. Kg5 Rb5 65. f5 Rxe5 66. Kf6 Rb5 67. Re7+ Kd8 68. Rxf7 Ke8 69. Ra7 Rb1 70. Ra8+ Kd7 71. Kf7 Rf1 72. f6 Rf2 73. Ra3 Rd2 74. Re3 Rd1 75. Re4 Rd2 76. Kf8 Rd1 77. Kg7 Rg1+ 78. Kf7 Rd1 79. Kg6 Rg1+ 80. Kf5 Rf1+ 81. Rf4 Rxf4+ 82. Kxf4 Ke6 83. Kg5 Kf7 84. Kf5 Kf8 85. Kf4 Kf7 86. Ke5 Kf8 87. Ke4 1/2-1/2